|
|
|
|
| LEADER |
00000nam0a2200000 4500 |
| 001 |
309872 |
| 005 |
20231102002231.0 |
| 020 |
|
|
|a RU
|b 82-1959
|
| 035 |
|
|
|a (RuTPU)RU\TPU\book\335211
|
| 090 |
|
|
|a 309872
|
| 100 |
|
|
|a 20151118d1981 k y0rusy5003 ca
|
| 101 |
0 |
|
|a rus
|
| 102 |
|
|
|a RU
|
| 105 |
|
|
|a a z 001zy
|
| 200 |
1 |
|
|a Прикладные и теоретические исследования строительных конструкций
|e труды института
|f Центральный научно-исследовательский институт строительных конструкций им. В. А. Кучеренко (ЦНИИСК им. Кучеренко) ; под ред. С. В. Полякова
|
| 210 |
|
|
|a Москва
|c Изд-во ЦНИИСК
|d 1981
|
| 215 |
|
|
|a 181 с.
|c ил.
|
| 225 |
1 |
|
|a Труды ЦНИИ строительных конструкций им. В. А. Кучеренко
|
| 320 |
|
|
|a Библиография в конце работ
|
| 320 |
|
|
|a Библиогр. в конце ст.
|
| 606 |
1 |
|
|a Строительные конструкции
|x Строительная механика
|2 stltpush
|3 (RuTPU)RU\TPU\subj\57340
|9 75202
|
| 610 |
1 |
|
|a прикладные исследования
|
| 610 |
1 |
|
|a теоретические исследования
|
| 610 |
1 |
|
|a строительные сооружения
|
| 610 |
1 |
|
|a конструктивные схемы
|
| 610 |
1 |
|
|a элементы
|
| 610 |
1 |
|
|a узлы
|
| 610 |
1 |
|
|a малоуглеродистые стали
|
| 610 |
1 |
|
|a металлоконструкции
|
| 702 |
|
1 |
|a Поляков
|b С. В.
|g Святослав Васильевич
|4 340
|
| 712 |
0 |
2 |
|a Центральный научно-исследовательский институт строительных конструкций им. В. А. Кучеренко (ЦНИИСК им. Кучеренко)
|2 stltpush
|3 (RuTPU)RU\TPU\col\9545
|
| 801 |
|
0 |
|a RU
|b RuMRKP
|c 19950704
|g psbo
|
| 801 |
|
1 |
|a RU
|b 63413507
|c 20151118
|
| 801 |
|
2 |
|a RU
|b 63413507
|c 20190904
|g RCR
|
| 942 |
|
|
|c BK
|